000
00308nam a2200121Ia 4500
008
220120s9999||||xx |||||||||||||| ||und||
082
_a
823 REI
100
_a
Reichs, Kathy
_9
11917
245
0
_a
Bones to ashes
260
_a
Poket
_b
New Delhi
_c
2007
300
_a
318p.;28cm
_b
200
650
_a
OPERATION RESEARCH
999
_c
137456
_d
137456